000 00533nam a22002051a 4500
001 11866
003 OSt
005 20260204212300.0
008 140731s1987||||sp ||||||b||||||||||spa||
020 _a8432996642
082 _a793.01992 H23j
100 _aHagstrom, Julie
245 _aJuegos con niños / Julie Hagstrom
250 _a3
264 _aBarcelona : CEAC
300 _a95 p.
490 _a(colección educación y enseñanza. Serie preescolar)
650 _aJUEGOS INFANTILES JUEGOS LACTANTESÌ
942 _2ddc
_cBK
999 _c11866
_d11866